00373nam a22001337a 4500003000400000008004100004020001800045100004300063245002800106250000800134260003800142300000900180650005000189OSt200702b ||||| |||| 00| 0 eng d a9789389108033 aK. R. Mahadik, Dr. L. Sathiyanarayanan aPharmaceutical Analysis a1st aNew DelhibNirali Prakashanc2019 aMISC aPharmaceutical Analysis and Quality Assurance